Směnky jako nástroj úvěru. Platební styk. I. část.
Zmenka je jednou z možností platenia dodávateľovi za tovar. Členenie zmeniek na vlastné a cudzie. Modifikácie cudzej zmenky. Podstatné náležitosti zmeniek podľa zmenečného zákona. Zmenky ako nástroj úveru.
Guardado en:
| Autor principal: | |
|---|---|
| Formato: | Capítulo de libro |
| Lenguaje: | checo |
| Materias: | |
| Etiquetas: |
Sin Etiquetas, Sea el primero en etiquetar este registro!
|
MARC
| LEADER | 00000naa a2200000 4500 | ||
|---|---|---|---|
| 001 | r003973 | ||
| 005 | 20221125081422.0 | ||
| 041 | 0 | |a cze | |
| 044 | |a [CS] | ||
| 245 | 1 | 0 | |a Směnky jako nástroj úvěru. Platební styk. I. část. |c Martin Macháček |
| 520 | |a Zmenka je jednou z možností platenia dodávateľovi za tovar. Členenie zmeniek na vlastné a cudzie. Modifikácie cudzej zmenky. Podstatné náležitosti zmeniek podľa zmenečného zákona. Zmenky ako nástroj úveru. | ||
| 610 | 2 | 0 | |a zmenky |
| 610 | 2 | 0 | |a platby obchodné |
| 610 | 2 | 0 | |a zákony |
| 610 | 2 | 0 | |a úver |
| 610 | 2 | 0 | |a styk platobný |
| 100 | 1 | |a Macháček, Martin | |